Music Quiz

Random Music or Kpop Quiz

Kpop idol nicknames Quiz Stats

 Plays Quiz not verified by Sporcle

Score 0/30 Timer 10:00
0 Plays Today
Nicknames Answer % Correct
Flaming charismaMinho
86.6%
Mandu, Wang PuppyJackson
86.6%
Mang-gae rice cakeJimin
86.4%
Dubu, TofuOnew
85.1%
BaconBaekhyun
84%
HarabujiJB
82.7%
D-liteDaesung
80.1%
Kkamjong, niniKai
79.6%
Little rooster, GotinbiMark
75.8%
Hamji, LesinsetLeo
74.7%
The second RainShownu
73.7%
Guardian of Takoyaki, Osaka PrinceYuta
70.2%
10:10Hoshi
69.6%
Morning Alarm callEunwoo
67.5%
Kong, RedbeanHongbin
63.1%
Nicknames Answer % Correct
OnibugiJR
63%
Casper, jefrrey, Woojae, Valentine boyJaehyun
61.1%
Thai princeNichkhun
60.6%
Grandpa, HamsterSunggyu
59.4%
Sexy Bandit, White tigerBaekho
58.2%
Nephew PaboN
57.5%
Desert fox, Shanghai BoyMinhyun
56.7%
Mr. wristbandMingyu
55.3%
Song Prince, Song ChefYunhyeong
54.7%
Namu, NamstarWoohyun
49.5%
Pooh bearCNU
49.1%
ChoddingSungyeol
47.4%
Turchan, TiggerGongchan
46.4%
Cute Rabellion, SkullhongHongki
43.3%
Fat Tongue, jokerJunhyung
41.3%

You're not logged in!

Compare scores with friends on all Sporcle quizzes.
OR
Log In

Sporcle TV

Today on Sporcle TV


Watch our educational content, quiz creation guides, and fun videos on Sporcle TV.

Show Comments

Extras

Top Quizzes Today


Score Distribution

Your Account Isn't Verified!

In order to create a playlist on Sporcle, you need to verify the email address you used during registration. Go to your Sporcle Settings to finish the process.

Report this User

Report this user for behavior that violates our Community Guidelines.

Details: